| 000 | 00743nam0a22002411 4500 | ||
|---|---|---|---|
| 001 | RU\INFOCOMM_327\NLR\5000028628 | ||
| 005 | 20250613110447.0 | ||
| 035 | _a(NLR Aleph) 009564682 | ||
| 090 |
_a9091030 _c9091030 |
||
| 100 | _a20130212d1975 |||y0rusy50 ca | ||
| 101 | 1 |
_aeng _crus |
|
| 102 |
_aGB _aRU |
||
| 105 | _ay z ||||| | ||
| 200 | 1 |
_aMagpie, magpie _e[Russian folk rhymes] _fIl. by Yuri Vasnetsov _gTransl. from the Russ. by Irina Zheleznova |
|
| 210 |
_aLondon _cWatson _aM. _c"Progress" _dCop.1975 |
||
| 215 |
_a[12] с. _cцв. ил. _d28 см |
||
| 620 | _aМосква | ||
| 686 |
_aДл215 _2rubbk |
||
| 801 | 1 |
_aRU _bInfocomm _c20130212 |
|
| 801 | 0 |
_aRU _bINFOCOMM _gPSBO |
|
| 852 |
_aNLR _jДл01 Д-8/361 |
||
| 942 | _cBOOK | ||
| 980 | _aNB | ||